[Event "Steinfurt Bezirksliga 1718"]
[Site "Germany"]
[Date "2017.11.11"]
[Round "2.7"]
[White "Koetter, Hans"]
[Black "Nattkaemper, Johann"]
[Result "0-1"]
[WhiteElo "1286"]
[BlackElo "1212"]
[PlyCount "66"]
[EventDate "2017.09.23"]
[EventType "team-tourn"]
[EventRounds "7"]
[EventCountry "GER"]
[SourceTitle "EXT 2019"]
[Source "ChessBase"]
[SourceDate "2018.10.10"]
[SourceVersion "1"]
[SourceVersionDate "2018.10.10"]
[SourceQuality "1"]
[WhiteTeam "Westerkappeln"]
[BlackTeam "Ibbenbueren II"]
[WhiteTeamCountry "GER"]
[BlackTeamCountry "GER"]

1. d4 Nf6 2. c4 e6 3. Nc3 Bb4 4. Bd2 d5 5. a3 Bxc3 6. bxc3 0-0 7. Nf3 dxc4 8. Bg5 Nbd7 9. e4 Qe8 10. Bxf6 Nxf6 11. Qc2 b5 12. Be2 Bb7 13. Nd2 Rd8 14. 0-0 e5 15. d5 c6 16. Bf3 cxd5 17. exd5 Bxd5 18. Bxd5 Nxd5 19. Rfe1 f5 20. Nf3 e4 21. Nd4 Nf4 22. Qc1 Nd3 23. Qe3 Nxe1 24. Rxe1 a6 25. Qh3 Qg6 26. f3 Rde8 27. fxe4 Rxe4 28. Rxe4 fxe4 29. Qe3 Qf6 30. Qe1 e3 31. Nf3 Qe7 32. Qc1 e2 33. h3 Rxf3 0-1

[Event "Steinfurt Bezirksliga 1617"]
[Site "Germany"]
[Date "2017.05.20"]
[Round "9.6"]
[White "Koetter, Hans"]
[Black "Schulte, Rainer"]
[Result "0-1"]
[WhiteElo "1308"]
[BlackElo "1491"]
[PlyCount "96"]
[EventDate "2016.09.24"]
[EventType "team"]
[EventRounds "9"]
[EventCountry "GER"]
[SourceTitle "EXT 2018"]
[Source "ChessBase"]
[SourceDate "2017.10.13"]
[SourceVersion "1"]
[SourceVersionDate "2017.10.13"]
[SourceQuality "1"]
[WhiteTeam "Westerkappeln"]
[BlackTeam "Emsdetten Rochade V"]
[WhiteTeamCountry "GER"]
[BlackTeamCountry "GER"]

1. d4 Nf6 2. c4 g6 3. Nc3 Bg7 4. Nf3 d6 5. Bf4 0-0 6. e4 Bg4 7. Be2 Nbd7 8. 0-0 Bxf3 9. Bxf3 e5 10. Bg5 exd4 11. Qxd4 Ne5 12. Be2 Nc6 13. Qd2 Qd7 14. Bxf6 Bxf6 15. Rac1 Nd4 16. Bd1 Rad8 17. Ne2 Nxe2+ 18. Qxe2 Qe6 19. b3 Rfe8 20. Re1 Bd4 21. Qd3 Qf6 22. Qf3 Qe5 23. Rc2 Re6 24. Be2 Rf6 25. Qg3 Bxf2+ 26. Qxf2 Rxf2 27. Kxf2 Qxe4 28. Rc3 Qd4+ 29. Re3 Re8 30. Bf3 Qh4+ 31. Kf1 Rxe3 32. Rxe3 Qf6 33. Re2 c6 34. h3 Kf8 35. Kg1 Qd4+ 36. Kh2 d5 37. cxd5 cxd5 38. Re1 b6 39. Rd1 Qf4+ 40. Kg1 d4 41. Rd3 Qc1+ 42. Rd1 Qe3+ 43. Kh2 d3 44. Kg3 d2 45. Kh2 Qe1 46. Bg4 f5 47. Bf3 Ke7 48. g3 Qf2+ 0-1

[Event "Steinfurt Bezirksliga 1617"]
[Site "Germany"]
[Date "2016.12.10"]
[Round "4.7"]
[White "Meier, Josef"]
[Black "Koetter, Hans"]
[Result "1/2-1/2"]
[WhiteElo "1298"]
[BlackElo "1308"]
[PlyCount "29"]
[EventDate "2016.09.24"]
[EventType "team"]
[EventRounds "9"]
[EventCountry "GER"]
[SourceTitle "EXT 2018"]
[Source "ChessBase"]
[SourceDate "2017.10.13"]
[SourceVersion "1"]
[SourceVersionDate "2017.10.13"]
[SourceQuality "1"]
[WhiteTeam "Steinfurt III"]
[BlackTeam "Westerkappeln"]
[WhiteTeamCountry "GER"]
[BlackTeamCountry "GER"]

1. c4 c5 2. Nc3 Nf6 3. g3 e5 4. Bg2 Nc6 5. d3 Be7 6. Bg5 0-0 7. Nf3 d6 8. 0-0 Be6 9. Nd2 Rb8 10. Nde4 Nxe4 11. Bxe7 Nxe7 12. Bxe4 f5 13. Bd5 Nxd5 14. cxd5 Bd7 15. f4 1/2-1/2

[Event "Steinfurt Bezirksliga 1617"]
[Site "Germany"]
[Date "2016.09.24"]
[Round "1.6"]
[White "Menz, Robert"]
[Black "Koetter, Hans"]
[Result "1-0"]
[WhiteElo "1587"]
[BlackElo "1308"]
[PlyCount "57"]
[EventDate "2016.09.24"]
[EventType "team"]
[EventRounds "9"]
[EventCountry "GER"]
[SourceTitle "EXT 2018"]
[Source "ChessBase"]
[SourceDate "2017.10.13"]
[SourceVersion "1"]
[SourceVersionDate "2017.10.13"]
[SourceQuality "1"]
[WhiteTeam "Saerbeck II"]
[BlackTeam "Westerkappeln"]
[WhiteTeamCountry "GER"]
[BlackTeamCountry "GER"]

1. d4 d5 2. c4 c6 3. Nc3 Nf6 4. Bg5 e6 5. e3 Be7 6. Nf3 0-0 7. Bd3 Nbd7 8. 0-0 c5 9. Rc1 b6 10. e4 dxe4 11. Nxe4 Nxe4 12. Bxe4 Bxg5 13. Nxg5 Qxg5 14. Bxa8 Nf6 15. dxc5 Qxc5 16. Qe2 Bd7 17. Bf3 Re8 18. a3 a5 19. Rfe1 e5 20. Qe3 Qc7 21. c5 e4 22. cxb6 Qb7 23. Rc7 Qb8 24. Be2 Nd5 25. Qc5 Nxc7 26. Qxc7 Qxc7 27. bxc7 Re6 28. Rc1 Re7 29. c8Q+ 1-0

[Event "Steinfurt Bezirksliga 1516"]
[Site "Germany"]
[Date "2016.04.30"]
[Round "8.8"]
[White "Koetter, Hans"]
[Black "Thiele, Simon"]
[Result "1-0"]
[WhiteElo "1254"]
[BlackElo "1258"]
[PlyCount "73"]
[EventDate "2015.09.19"]
[EventType "team-tourn"]
[EventRounds "9"]
[EventCountry "GER"]
[SourceTitle "EXT 2017"]
[Source "ChessBase"]
[SourceDate "2016.10.25"]
[SourceVersion "1"]
[SourceVersionDate "2016.10.25"]
[SourceQuality "1"]
[WhiteTeam "Westerkappeln"]
[BlackTeam "Emsdetten Rochade IV"]
[WhiteTeamCountry "GER"]
[BlackTeamCountry "GER"]

1. d4 d5 2. c4 dxc4 3. Nc3 Nc6 4. Nf3 Bg4 5. e3 Nf6 6. Bxc4 e6 7. a3 a6 8. Be2 Qd6 9. 0-0 0-0-0 10. Ng5 Bxe2 11. Qxe2 Qd7 12. b4 b5 13. Nxb5 axb5 14. Qxb5 Nb8 15. Qd3 e5 16. a4 Bxb4 17. Qc4 Bd6 18. Nxf7 exd4 19. Nxh8 Rxh8 20. exd4 Re8 21. h3 Re4 22. Be3 Bc5 23. Qxc5 Nc6 24. Rfd1 Kd8 25. a5 Nd5 26. Qf8+ Re8 27. Qc5 Nxe3 28. fxe3 Rxe3 29. Qg5+ Re7 30. a6 Qc8 31. Qd5+ Qd7 32. Qc5 Na7 33. Qxa7 Qd5 34. Qc5 Qa8 35. a7 Re2 36. Qg5+ Kc8 37. Qg4+ 1-0

[Event "Steinfurt Bezirksliga 1213"]
[Site "Germany"]
[Date "2013.01.12"]
[Round "5.6"]
[White "Horstmann, Michael"]
[Black "Koetter, Hans"]
[Result "1-0"]
[WhiteElo "1671"]
[BlackElo "1304"]
[PlyCount "75"]
[EventDate "2012.09.22"]
[EventType "team-tourn"]
[EventRounds "9"]
[EventCountry "GER"]
[SourceTitle "EXT 2015"]
[Source "ChessBase"]
[SourceDate "2014.11.20"]
[SourceVersion "1"]
[SourceVersionDate "2014.11.20"]
[SourceQuality "1"]
[WhiteTeam "Emsdetten Rochade II"]
[BlackTeam "Westerkappeln"]
[WhiteTeamCountry "GER"]
[BlackTeamCountry "GER"]

1. e4 c5 2. Nf3 d6 3. Bb5+ Bd7 4. Bxd7+ Nxd7 5. c4 e6 6. 0-0 Ngf6 7. Nc3 Be7 8. d4 cxd4 9. Nxd4 0-0 10. b3 Rc8 11. Be3 Nc5 12. f3 b6 13. Qe2 a6 14. Rac1 Qc7 15. Rfd1 Rcd8 16. Qf2 h6 17. Nc2 Qb7 18. Ne2 e5 19. Nc3 Ne6 20. Bxb6 Rc8 21. Be3 Rfd8 22. Kh1 Nc5 23. Ne1 Nh7 24. Nd5 Bg5 25. Nc2 Bxe3 26. Ncxe3 Re8 27. Nf5 Re6 28. Rd2 Kf8 29. Rcd1 Nf6 30. Nxf6 Rxf6 31. Nxd6 Rxd6 32. Rxd6 Ke8 33. Qg3 f6 34. Qg6+ Qf7 35. Qf5 Qc7 36. b4 Nb7 37. Qe6+ Qe7 38. Qxc8+ 1-0

[Event "Steinfurt Bezirksliga 1112"]
[Site "Germany"]
[Date "2012.03.31"]
[Round "7.8"]
[White "Koetter, Hans"]
[Black "Kroeger, Ralf"]
[Result "1-0"]
[WhiteElo "1272"]
[BlackElo "1473"]
[PlyCount "53"]
[EventDate "2011.10.01"]
[EventType "team-tourn"]
[EventRounds "9"]
[EventCountry "GER"]
[SourceTitle "EXT 2013"]
[Source "ChessBase"]
[SourceDate "2012.11.22"]
[SourceVersion "1"]
[SourceVersionDate "2012.11.22"]
[SourceQuality "1"]
[WhiteTeam "Westerkappeln"]
[BlackTeam "Steinfurt II"]
[WhiteTeamCountry "GER"]
[BlackTeamCountry "GER"]

1. d4 d5 2. Nf3 Nf6 3. c4 e6 4. Nc3 Be7 5. Bf4 0-0 6. e3 Bd6 7. Bxd6 Qxd6 8. Bd3 dxc4 9. Bxc4 b6 10. 0-0 Bb7 11. Bd3 Nbd7 12. Rc1 c5 13. Nb5 Qb8 14. Re1 Rd8 15. Qe2 Nd5 16. a3 cxd4 17. Nbxd4 Nc5 18. Bc2 Ba6 19. Qd1 e5 20. Nc6 Qc7 21. Nxd8 Rxd8 22. Nd2 Qe7 23. Qf3 Bb7 24. Qg3 Nf6 25. Nf3 e4 26. Nd4 Bc8 27. Nc6 1-0

[Event "Steinfurt Bezirksklasse 0910"]
[Site "Germany"]
[Date "2009.09.26"]
[Round "1.2"]
[White "Koetter, Hans"]
[Black "Muhmann, Reinhard"]
[Result "0-1"]
[WhiteElo "1294"]
[BlackElo "1505"]
[PlyCount "74"]
[EventDate "2009.09.26"]
[EventType "team-tourn"]
[EventRounds "7"]
[EventCountry "GER"]
[SourceTitle "EXT 2011"]
[Source "ChessBase"]
[SourceDate "2010.11.26"]
[SourceVersion "1"]
[SourceVersionDate "2010.11.26"]
[SourceQuality "1"]
[WhiteTeam "Westerkappeln II"]
[BlackTeam "Emsdetten Rochade III"]
[WhiteTeamCountry "GER"]
[BlackTeamCountry "GER"]

1. d4 Nf6 2. c4 e6 3. Nc3 d5 4. c5 c6 5. Bg5 Nbd7 6. Nf3 Be7 7. Qc2 h6 8. Bh4 a5 9. e3 0-0 10. Be2 Nh7 11. Bxe7 Qxe7 12. 0-0 e5 13. dxe5 Nxe5 14. Nxe5 Qxe5 15. Rad1 Qg5 16. f4 Qe7 17. e4 Qxc5+ 18. Kh1 d4 19. Bd3 Nf6 20. Ne2 Qxc2 21. Bxc2 c5 22. Ng3 Ng4 23. Rf3 Ne3 24. Rd2 b5 25. h3 Ba6 26. Nf1 Nc4 27. Rdf2 Nxb2 28. Bb3 Nc4 29. Bxc4 bxc4 30. Nd2 a4 31. e5 c3 32. Ne4 Bb7 33. Nf6+ gxf6 34. Rg3+ Kh7 35. exf6 Rg8 36. Rxg8 Rxg8 37. Kh2 d3 0-1

[Event "Steinfurt Kreisklasse 0607"]
[Site "Germany"]
[Date "2006.09.23"]
[Round "1.1"]
[White "Koetter, Hans"]
[Black "Reker, Yves"]
[Result "1-0"]
[WhiteElo "1305"]
[BlackElo "1067"]
[PlyCount "45"]
[EventDate "2006.09.23"]
[EventType "team-tourn"]
[EventRounds "10"]
[EventCountry "GER"]
[SourceTitle "EXT 2008"]
[Source "ChessBase"]
[SourceDate "2007.11.25"]
[SourceVersion "1"]
[SourceVersionDate "2007.11.25"]
[SourceQuality "1"]
[WhiteTeam "Westerkappeln II"]
[BlackTeam "Rheine SG II"]
[WhiteTeamCountry "GER"]
[BlackTeamCountry "GER"]

1. d4 Nf6 2. c4 g6 3. Nc3 Bg7 4. Nf3 d6 5. e4 0-0 6. Be2 Re8 7. 0-0 c5 8. dxc5 dxc5 9. Bf4 a6 10. Qc2 Nc6 11. a3 e5 12. Bg5 Nd4 13. Nxd4 exd4 14. Rad1 Qc7 15. Bxf6 Bxf6 16. Nd5 Qe5 17. f4 Qb8 18. Nxf6+ Kf8 19. Nxe8 Kxe8 20. b4 b6 21. f5 gxf5 22. exf5 Qd6 23. Qe4+ 1-0

[Event "Steinfurt Bezirksliga 0405"]
[Site "Germany"]
[Date "2005.03.05"]
[Round "7.8"]
[White "Koetter, Hans"]
[Black "Meinert, Dominik"]
[Result "1/2-1/2"]
[WhiteElo "1297"]
[BlackElo "1494"]
[PlyCount "50"]
[EventDate "2004.09.25"]
[EventType "team-tourn"]
[EventRounds "11"]
[EventCountry "GER"]
[SourceTitle "EXT 2006"]
[Source "ChessBase"]
[SourceDate "2005.11.24"]
[SourceVersion "1"]
[SourceVersionDate "2005.11.24"]
[SourceQuality "1"]
[WhiteTeam "Westerkappeln"]
[BlackTeam "Steinfurt II"]
[WhiteTeamCountry "GER"]
[BlackTeamCountry "GER"]

1. d4 d5 2. c4 e6 3. Nf3 Nf6 4. Nc3 Be7 5. Bf4 0-0 6. Qc2 c6 7. e3 Nh5 8. Bd3 g6 9. Bh6 Ng7 10. 0-0 Na6 11. a3 c5 12. cxd5 cxd4 13. Nxd4 exd5 14. Rad1 Bf6 15. Nf3 Be6 16. e4 Nc7 17. e5 Be7 18. Ne2 Rc8 19. Qd2 Re8 20. Ned4 Qd7 21. Nxe6 Ngxe6 22. Bc4 Red8 23. Bb3 Qb5 24. Ba2 Bf8 25. Bxf8 Kxf8 1/2-1/2

[Event "Steinfurt Bezirksklasse 0405"]
[Site "Germany"]
[Date "2005.02.19"]
[Round "7.4"]
[White "Leismann, Thomas"]
[Black "Koetter, Hans"]
[Result "1-0"]
[WhiteElo "1470"]
[BlackElo "1298"]
[PlyCount "99"]
[EventDate "2004.09.18"]
[EventType "team-tourn"]
[EventRounds "11"]
[EventCountry "GER"]
[SourceTitle "EXT 2006"]
[Source "ChessBase"]
[SourceDate "2005.11.24"]
[SourceVersion "1"]
[SourceVersionDate "2005.11.24"]
[SourceQuality "1"]
[WhiteTeam "Ibbenbueren III"]
[BlackTeam "Westerkappeln II"]
[WhiteTeamCountry "GER"]
[BlackTeamCountry "GER"]

1. e4 c5 2. Nf3 e6 3. Nc3 Nc6 4. Bc4 d6 5. 0-0 Nf6 6. d3 a6 7. Be3 Be7 8. d4 cxd4 9. Nxd4 0-0 10. a3 Nxe4 11. Nxc6 bxc6 12. Nxe4 d5 13. Nd2 dxc4 14. Nxc4 Bb7 15. Nb6 Qxd1 16. Rfxd1 Rad8 17. Nd7 Rfe8 18. Bb6 Rc8 19. Rd2 Bd8 20. Rad1 Bxb6 21. Nxb6 Rb8 22. Nd7 Rbc8 23. Nc5 Rb8 24. Rd7 Ba8 25. b3 a5 26. Ra7 Rb5 27. Na6 Rb7 28. Rd7 Rxd7 29. Rxd7 c5 30. Nxc5 g6 31. Ra7 Rd8 32. h3 a4 33. Rxa4 Bc6 34. Rc4 Bd5 35. Rc3 Re8 36. a4 f5 37. Nd7 Kf7 38. Rc7 Ke7 39. Nb6+ Kd6 40. Rd7+ Kc6 41. Nxd5 exd5 42. Rxh7 Re2 43. Rh8 Kc5 44. Kf1 Re6 45. Rc8+ Kb4 46. g4 fxg4 47. hxg4 Re4 48. f3 Re3 49. Kf2 d4 50. Rc4+ 1-0

[Event "Steinfurt Bezirksklasse 0405"]
[Site "Germany"]
[Date "2004.11.27"]
[Round "4.4"]
[White "Koetter, Hans"]
[Black "Just, Alexandra"]
[Result "1/2-1/2"]
[WhiteElo "1298"]
[BlackElo "1860"]
[PlyCount "63"]
[EventDate "2004.09.18"]
[EventType "team-tourn"]
[EventRounds "11"]
[EventCountry "GER"]
[SourceTitle "EXT 2006"]
[Source "ChessBase"]
[SourceDate "2005.11.24"]
[SourceVersion "1"]
[SourceVersionDate "2005.11.24"]
[SourceQuality "1"]
[WhiteTeam "Westerkappeln II"]
[BlackTeam "Steinfurt III"]
[WhiteTeamCountry "GER"]
[BlackTeamCountry "GER"]

1. d4 d5 2. c4 e6 3. Nc3 Nf6 4. Nf3 Be7 5. Bf4 Nbd7 6. a3 c6 7. e3 0-0 8. Be2 Nh5 9. Ne5 Nxf4 10. exf4 f6 11. Nf3 Qc7 12. Qd2 Bd6 13. g3 b6 14. cxd5 exd5 15. Rc1 Qd8 16. 0-0 Re8 17. Bd3 Nf8 18. Rfe1 Bg4 19. Rxe8 Qxe8 20. Nh4 Qd7 21. f5 Qf7 22. Be2 Bxe2 23. Nxe2 c5 24. dxc5 bxc5 25. Nf4 Bxf4 26. Qxf4 Rc8 27. Qd6 Qd7 28. Qf4 Qe7 29. Qf3 Rd8 30. Qe3 Qxe3 31. fxe3 Nd7 32. Kf2 1/2-1/2

[Event "Steinfurt Bezirksklasse 0304"]
[Site "Germany"]
[Date "2004.04.24"]
[Round "9.2"]
[White "Krueler, Andreas"]
[Black "Koetter, Hans"]
[Result "1/2-1/2"]
[WhiteElo "1282"]
[BlackElo "1297"]
[PlyCount "53"]
[EventDate "2003.09.27"]
[EventType "team-tourn"]
[EventRounds "11"]
[EventCountry "GER"]
[SourceTitle "EXT 2005"]
[Source "ChessBase"]
[SourceDate "2004.11.15"]
[SourceVersion "1"]
[SourceVersionDate "2004.11.15"]
[SourceQuality "1"]
[WhiteTeam "Steinfurt IV"]
[BlackTeam "Westerkappeln II"]
[WhiteTeamCountry "GER"]
[BlackTeamCountry "GER"]

1. e4 c5 2. Bc4 e6 3. Nf3 Nc6 4. c3 d6 5. Bb5 a6 6. Bxc6+ bxc6 7. d4 cxd4 8. cxd4 Be7 9. 0-0 Nf6 10. Nc3 0-0 11. Bg5 Qc7 12. Re1 e5 13. Bxf6 Bxf6 14. d5 c5 15. h3 Bd8 16. Qc2 f5 17. Qd2 f4 18. Reb1 Rf6 19. b4 cxb4 20. Rxb4 Rg6 21. Kf1 Rb8 22. Rxb8 Qxb8 23. Rb1 Qa7 24. Qb2 Bc7 25. Qa3 Bb6 26. Rb2 Rf6 27. Qb4 1/2-1/2

[Event "Steinfurt Bezirksklasse 0304"]
[Site "Germany"]
[Date "2004.03.20"]
[Round "8.4"]
[White "Koetter, Hans"]
[Black "Heeger, Klaus"]
[Result "1-0"]
[WhiteElo "1297"]
[BlackElo "1341"]
[PlyCount "130"]
[EventDate "2003.09.27"]
[EventType "team-tourn"]
[EventRounds "11"]
[EventCountry "GER"]
[SourceTitle "EXT 2005"]
[Source "ChessBase"]
[SourceDate "2004.11.15"]
[SourceVersion "1"]
[SourceVersionDate "2004.11.15"]
[SourceQuality "1"]
[WhiteTeam "Westerkappeln II"]
[BlackTeam "Emsdetten Rochade IV"]
[WhiteTeamCountry "GER"]
[BlackTeamCountry "GER"]

1. d4 Nf6 2. c4 e6 3. Nc3 a6 4. Nf3 Be7 5. Bf4 d5 6. e3 Nc6 7. a3 0-0 8. Bd3 h6 9. 0-0 Bd6 10. Bxd6 Qxd6 11. Re1 dxc4 12. Bxc4 b5 13. Bd3 Bb7 14. e4 Nxd4 15. e5 Nxf3+ 16. gxf3 Qe7 17. exf6 Qxf6 18. Be4 Rad8 19. Qe2 Qg5+ 20. Kh1 Bxe4 21. Nxe4 Qf4 22. Rg1 f5 23. Nc5 Rd6 24. Nxe6 Re8 25. Nxf4 Rxe2 26. Nxe2 Rd2 27. Rge1 Rxb2 28. Rab1 Ra2 29. Ra1 Rd2 30. Kg2 c5 31. Nf4 g5 32. Ne6 c4 33. Nc5 Rd6 34. Re8+ Kf7 35. Rae1 Rf6 36. R1e7+ Kg6 37. Re6 a5 38. Rxf6+ Kxf6 39. Re6+ Kg7 40. Rb6 c3 41. Nd3 b4 42. axb4 axb4 43. Rxb4 h5 44. Rc4 Kf6 45. Rxc3 g4 46. fxg4 hxg4 47. f4 Kg6 48. h4 gxh3+ 49. Kxh3 Kh5 50. Rc5 Kg6 51. Ne5+ Kh5 52. Nf3 Kg6 53. Nh4+ Kh5 54. Rxf5+ Kh6 55. Rd5 Kh7 56. Kg4 Kh6 57. Kf5 Kh5 58. Nf3 Kh6 59. Kf6 Kh7 60. Rg5 Kh6 61. Kf5 Kh7 62. Rg6 Kh8 63. Kf6 Kh7 64. Kf7 Kh8 65. Rg5 Kh7 1-0

[Event "Steinfurt Bezirksklasse 0304"]
[Site "Germany"]
[Date "2003.12.06"]
[Round "4.4"]
[White "Koetter, Hans"]
[Black "Kroeger, Ralf"]
[Result "0-1"]
[WhiteElo "1297"]
[BlackElo "1264"]
[PlyCount "64"]
[EventDate "2003.09.27"]
[EventType "team-tourn"]
[EventRounds "11"]
[EventCountry "GER"]
[SourceTitle "EXT 2005"]
[Source "ChessBase"]
[SourceDate "2004.11.15"]
[SourceVersion "1"]
[SourceVersionDate "2004.11.15"]
[SourceQuality "1"]
[WhiteTeam "Westerkappeln II"]
[BlackTeam "Steinfurt III"]
[WhiteTeamCountry "GER"]
[BlackTeamCountry "GER"]

1. d4 d5 2. c4 dxc4 3. Nc3 Bf5 4. Nf3 e6 5. e4 Bg6 6. Bxc4 Bb4 7. Bd3 Nc6 8. a3 Bxc3+ 9. bxc3 Nge7 10. 0-0 0-0 11. Bg5 Qd7 12. Bxe7 Nxe7 13. Qc2 f6 14. Rad1 Qc6 15. Rfe1 Rfd8 16. e5 Bxd3 17. Rxd3 f5 18. Qb3 b5 19. Red1 Nd5 20. Ng5 Nf4 21. d5 Nxd5 22. Nxe6 Qxe6 23. Rxd5 Rd7 24. Qxb5 c6 25. Qa6 Rxd5 26. Rxd5 Qxd5 27. Qe2 Qe4 28. Qa2+ Qd5 29. Qe2 Re8 30. f4 Qc5+ 31. Kh1 Qxc3 32. h4 Qc1+ 0-1

[Event "Steinfurt Bezirksklasse 0304"]
[Site "Germany"]
[Date "2003.11.08"]
[Round "3.3"]
[White "Koetter, Hans"]
[Black "Schmalbrock, Andreas"]
[Result "1/2-1/2"]
[WhiteElo "1297"]
[BlackElo "1201"]
[PlyCount "38"]
[EventDate "2003.09.27"]
[EventType "team-tourn"]
[EventRounds "11"]
[EventCountry "GER"]
[SourceTitle "EXT 2005"]
[Source "ChessBase"]
[SourceDate "2004.11.15"]
[SourceVersion "1"]
[SourceVersionDate "2004.11.15"]
[SourceQuality "1"]
[WhiteTeam "Westerkappeln II"]
[BlackTeam "Nordwalde III"]
[WhiteTeamCountry "GER"]
[BlackTeamCountry "GER"]

1. d4 d5 2. c4 e6 3. Nc3 Nf6 4. Nf3 Be7 5. Bf4 0-0 6. e3 Bb4 7. a3 Bxc3+ 8. bxc3 Nc6 9. Bd3 Re8 10. 0-0 Na5 11. cxd5 Qxd5 12. Bxc7 b6 13. c4 Nxc4 14. Bxc4 Qxc4 15. Rc1 Qb5 16. Be5 Ba6 17. Bxf6 Qxf1+ 18. Qxf1 Bxf1 19. Kxf1 gxf6 1/2-1/2

[Event "Steinfurt Bezirksklasse 0203"]
[Site "Germany"]
[Date "2003.03.15"]
[Round "6.5"]
[White "Schulte, Rainer"]
[Black "Koetter, Hans"]
[Result "1/2-1/2"]
[WhiteElo "1496"]
[BlackElo "1372"]
[PlyCount "80"]
[EventDate "2002.09.28"]
[EventType "team-tourn"]
[EventRounds "7"]
[EventCountry "GER"]
[SourceTitle "EXT 2005"]
[Source "ChessBase"]
[SourceDate "2004.11.15"]
[SourceVersion "1"]
[SourceVersionDate "2004.11.15"]
[SourceQuality "1"]
[WhiteTeam "Emsdetten Rochade III"]
[BlackTeam "Westerkappeln II"]
[WhiteTeamCountry "GER"]
[BlackTeamCountry "GER"]

1. d4 d5 2. c4 Nf6 3. cxd5 Nxd5 4. e4 Nb4 5. Bb5+ Bd7 6. Bc4 e6 7. Qb3 N8c6 8. Ne2 Na5 9. Qc3 Nxc4 10. Qxc4 a6 11. Na3 Qe7 12. 0-0 Nc6 13. Bd2 Qd8 14. b4 b5 15. Qb3 Be7 16. Nc2 0-0 17. a3 Bc8 18. Qg3 Bh4 19. Qg4 e5 20. Qh5 exd4 21. Nf4 Bf6 22. Rac1 Ne5 23. Nd5 Bg4 24. Nxf6+ Qxf6 25. Qg5 Qxg5 26. Bxg5 Be2 27. Nxd4 Bxf1 28. Kxf1 Nc4 29. a4 f6 30. Bf4 Rac8 31. axb5 axb5 32. Nxb5 c6 33. Na7 Ne5 34. Bxe5 fxe5 35. Nxc8 Rxc8 36. b5 c5 37. Rc4 Kf7 38. b6 Ke6 39. b7 Rb8 40. Rxc5 Rxb7 1/2-1/2

[Event "Steinfurt Bezirksklasse 0203"]
[Site "Germany"]
[Date "2002.11.23"]
[Round "3.6"]
[White "Inderwisch, Joerg"]
[Black "Koetter, Hans"]
[Result "1-0"]
[WhiteElo "1274"]
[BlackElo "1372"]
[PlyCount "55"]
[EventDate "2002.09.28"]
[EventType "team-tourn"]
[EventRounds "7"]
[EventCountry "GER"]
[SourceTitle "EXT 2005"]
[Source "ChessBase"]
[SourceDate "2004.11.15"]
[SourceVersion "1"]
[SourceVersionDate "2004.11.15"]
[SourceQuality "1"]
[WhiteTeam "Emsdetten Turm IV"]
[BlackTeam "Westerkappeln II"]
[WhiteTeamCountry "GER"]
[BlackTeamCountry "GER"]

1. e4 c5 2. d4 cxd4 3. c3 Nc6 4. cxd4 e6 5. Nf3 d6 6. Bb5 a6 7. Ba4 Bd7 8. 0-0 Nf6 9. Re1 Be7 10. Bg5 0-0 11. d5 Ne5 12. Nxe5 Bxa4 13. Qxa4 dxe5 14. dxe6 fxe6 15. Qb3 Qd7 16. Nc3 Ng4 17. Rad1 Bd6 18. Bh4 Rf7 19. Bg3 Rf6 20. h3 Nh6 21. Bxe5 Nf7 22. Bxd6 Nxd6 23. e5 Qf7 24. exf6 Nf5 25. Qxe6 Qxe6 26. Rxe6 Rf8 27. fxg7 Kxg7 28. Rd7+ 1-0